Jāpāni jarnāla. (Record no. 54439)

MARC details
000 -LEADER
fixed length control field 00527cam a22002171 4500
001 - CONTROL NUMBER
control field sa 63002359
003 - CONTROL NUMBER IDENTIFIER
control field DLC
005 - DATE AND TIME OF LATEST TRANSACTION
control field 20260227111933.0
008 - FIXED-LENGTH DATA ELEMENTS--GENERAL INFORMATION
fixed length control field 890626s1962 ii a 000 0 beno
010 ## - LIBRARY OF CONGRESS CONTROL NUMBER
LC control number sa 63002359
035 ## - SYSTEM CONTROL NUMBER
System control number (OCoLC)19928897
040 ## - CATALOGING SOURCE
Original cataloging agency DLC
Transcribing agency WaU
Modifying agency DLC
043 ## - GEOGRAPHIC AREA CODE
Geographic area code a-ja---
050 00 - LIBRARY OF CONGRESS CALL NUMBER
Classification number DS811
Item number .B65
100 1# - MAIN ENTRY--PERSONAL NAME
Personal name Bose, Buddhadeva.
245 10 - TITLE STATEMENT
Title Jāpāni jarnāla.
260 ## - PUBLICATION, DISTRIBUTION, ETC.
Date of publication, distribution, etc. [1962]
300 ## - PHYSICAL DESCRIPTION
Extent 143 p.
Other physical details illus.
Dimensions 20 cm.
500 ## - GENERAL NOTE
General note In Bengali.
651 #0 - SUBJECT ADDED ENTRY--GEOGRAPHIC NAME
Geographic name Japan
General subdivision Description and travel.

No items available.

Powered by Koha